[Event "Australian-ch 2018"]
[Site "Sydney"]
[Date "2018.01.10"]
[Round "9"]
[White "Morris, James"]
[Black "Lane, Gary W"]
[Result "0-1"]
[WhiteElo "2477"]
[BlackElo "2401"]
[PlyCount "122"]
[EventDate "2018.01.02"]
[EventType "tourn"]
[EventCountry "AUS"]

{[%evp 9,122,40,43,39,39,12,26,17,32,31,23,20,58,13,32,12,26,22,16,8,8,6,17,11,27,26,26,16,7,11,30,33,56,68,70,66,64,67,71,37,74,70,78,80,81,23,78,58,120,126,140,125,140,119,89,52,44,0,0,0,0,0,0,0,0,0,0,0,0,-96,-19,-493,-510,-493,-494,-457,-306,-525,-518,-505,-520,-506,-522,-487,-487,-473,-465,-520,-454,-557,-514,-670,-592,-565,-539,-718,-524,-1632,-1358,-29976,-4913,-29970,-851,-29982,-29983,-29983,-29982,-29982,-29983,-29983,-29984,-29984,-29985,-29985,-29986]} 1. c4 e5 2. Nc3 Nc6 3. g3 f5 4. Bg2 Nf6 5. e3 g6 6. d4 {A25: English Opening vs King's Indian with ...Nc6 but without early d3} (6. d3 Bg7 7. Nge2 d6 8. O-O O-O 9. b3 g5 10. f4 h6 11. Qd2 a5 12. Bb2 Be6 13. Nd5 Qd7 14. Rae1 Rae8 15. Bc3 Bxd5 16. cxd5 Nb4 17. fxg5 hxg5 {½-½ (56) Kovalyov,A (2641)-Akobian,V (2662) Tbilisi 2017}) 6... d6 7. b4 a6 8. Nge2 {White has an edge.} Bg7 9. Qb3 O-O 10. O-O Kh8 11. dxe5 $146 ({Find the theoretical novelty and annotate with similar games:} 11. Bb2 g5 12. Nd5 Nxd5 13. cxd5 Ne7 14. dxe5 dxe5 15. f4 gxf4 16. exf4 {1-0 (33) San Marco,B (2280)-Midoux,S (2240) France 2000}) 11... dxe5 12. Rd1 Qe8 13. Nd5 Qf7 14. Bb2 Be6 15. a4 {[%cal Ba2a4,Ba4a5][%mdl 32]} Rad8 16. a5 Ne4 17. Nec3 Nd6 18. b5 $36 {[%mdl 2048] White is more active.} Nb8 19. Ba3 e4 20. Rac1 Rg8 21. Bf1 c6 22. bxa6 $1 Nxa6 23. Nb6 Be5 24. Nca4 Qf6 25. Nc5 Nxc5 26. Bxc5 Nf7 27. Be2 (27. Qa4 $16) 27... g5 (27... Ng5 $11 {remains equal.}) 28. Qb4 {Hoping for Be7.} Rxd1+ ({Black should play} 28... Rge8 $14) 29. Rxd1 $16 {Black must now prevent Nd7.} Rd8 30. Be7 Rxd1+ 31. Bxd1 Qg6 32. Na4 Bc8 33. Nc5 Bd6 $1 {[%cal Rd6e7]} 34. Qc3+ Kg8 35. Bxd6 Qxd6 36. Qd4 Kf8 37. Na4 Ke7 38. Nb6 Be6 39. f3 (39. c5 $11 {keeps the balance.} Qxd4 40. exd4) 39... c5 (39... exf3 $17 {With the idea ...Qb4.} 40. Bxf3 Qa3) 40. Qa1 $2 {[%mdl 8192]} (40. Qxd6+ $1 $11 {and White has nothing to worry.} Kxd6 41. f4) 40... Qd2 $19 {[#] aiming for ...Qe1+.} 41. fxe4 fxe4 {( -> ...Bh3)} 42. Nd5+ Kd6 ({Weaker is} 42... Bxd5 43. cxd5 Qxe3+ 44. Kf1 $19) 43. Bg4 $2 (43. Qb1 Bxd5 44. cxd5 Qxe3+ 45. Kg2 Qd2+ 46. Kh3) 43... Ne5 ({Not} 43... Bxg4 44. Qf6+ Be6 45. Qe7+ Ke5 46. Qf6+ Kd6 47. Qe7+ Ke5 48. Qf6+ Kd6 $11) 44. Qb1 {White threatens Qb6+ and mate.} Bxd5 ({Stronger than} 44... Bxg4 45. Qb6+ Nc6 46. Qc7+ Ke6 47. Qc8+ Ke5 48. Qc7+ Ke6 49. Qc8+ Ke5 50. Qc7+ Ke6 $11) 45. Qb6+ Bc6 46. Qd8+ Nd7 47. Qxg5 Qc1+ 48. Kg2 Qb2+ 49. Kh3 Qf6 50. Qg8 h6 51. Kg2 Qg5 52. Qe6+ Kc7 53. h4 Qxe3 {...Qe1 is the strong threat.} 54. Kh3 Qf2 (54... Qg1 $142 55. Be2 e3 56. Kg4 Qf2 57. Kh5 Qxe2+ 58. g4 Qd2 59. a6 bxa6 60. Qxh6 Qc3 61. Qh7 e2 62. Qf7 Qh8+ 63. Kg6 e1=Q 64. h5 Qee5 65. Qe7 Qg8+ 66. Kh6 Qeh8+ 67. Qh7 Qhxh7#) 55. Qxh6 Nf6 (55... Qf1+ $142 56. Kh2 Nf6 57. Bd1 Qf2+ 58. Kh3 Bd7+ 59. g4 e3 60. Qg6 e2 61. Bxe2 Bc6 62. Qf7+ Kb8 63. Qf8+ Ka7 64. Qxc5+ Qxc5 65. g5 Qe3+ 66. Kh2 Qf2+ 67. Kh3 Qg2#) 56. Be2 Bd7+ {Black mates.} 57. g4 Qxe2 58. Qf4+ Kc8 59. Qxf6 Bxg4+ 60. Kg3 {[#]} Qf3+ $1 61. Qxf3 exf3 {Precision: White = 53%, Black = 61%.} 0-1

[Event "Australian-ch 2018"]
[Site "Sydney"]
[Date "2018.01.10"]
[Round "9"]
[White "Xie, George Wendi"]
[Black "Dale, Ari"]
[Result "0-1"]
[WhiteElo "2369"]
[BlackElo "2356"]
[PlyCount "106"]
[EventDate "2018.01.02"]
[EventType "tourn"]
[EventCountry "AUS"]
[TimeControl "40/5400+30:1800+30"]

1. d4 {[%emt 0:07:13]} Nf6 {[%emt 0:00:21]} 2. Nc3 {[%emt 0:00:02]} d5 {[%emt 0:00:42]} 3. Bf4 {[%emt 0:00:04]} e6 {[%emt 0:04:58]} 4. e3 {[%emt 0:02:45]} Be7 {[%emt 0:06:26]} 5. Nf3 {[%emt 0:00:07]} O-O {[%emt 0:00:06]} 6. h3 {[%emt 0:00:34]} c5 {[%emt 0:06:06]} 7. dxc5 {[%emt 0:00:19]} Bxc5 {[%emt 0:01:21]} 8. Bd3 {[%emt 0:00:04]} Nc6 {[%emt 0:01:08]} 9. O-O {[%emt 0:00:04]} Re8 {[%emt 0:08:35]} 10. Bg5 {[%emt 0:00:05]} h6 {[%emt 0:01:50]} 11. Bh4 {[%emt 0:00:03]} g5 {[%emt 0:08:07]} 12. Bg3 {[%emt 0:00:31]} e5 {[%emt 0:01:41]} 13. Bb5 {[%emt 0:00:04]} Qd6 {[%emt 0:02:44]} 14. Na4 {[%emt 0:14:05]} Bb4 {[%emt 0:07:38]} 15. a3 {[%emt 0:03:15]} Ba5 {[%emt 0:00:08]} 16. c4 {[%emt 0:00:29]} a6 {[%emt 0:01:04]} 17. c5 {[%emt 0:04:38]} Qb8 {[%emt 0:00:40]} 18. Be2 {[%emt 0:03:54]} Be6 {[%emt 0:06:00]} 19. b4 {[%emt 0:03:44]} Bc7 {[%emt 0:00:13]} 20. Nb6 {[%emt 0:00:03]} Bxb6 {[%emt 0:00:45]} 21. cxb6 {[%emt 0:00:01]} Ne4 {[%emt 0:07:13]} 22. Bh2 {[%emt 0:02:15]} f6 {[%emt 0:01:45]} 23. Nd4 {[%emt 0:03:16]} Qc8 {[%emt 0:03:59]} 24. Nxe6 {[%emt 0:00:05]} Nc3 {[%emt 0:00:13]} 25. Nc7 {[%emt 0:00:03]} Nxd1 {[%emt 0:00:14]} 26. Rfxd1 {[%emt 0:00:04]} Rd8 {[%emt 0:01:52]} 27. Rxd5 {[%emt 0:06:43]} Rxd5 {[%emt 0:01:20]} 28. Bc4 {[%emt 0:00:01]} Kh8 {[%emt 0:03:25]} 29. Bxd5 {[%emt 0:00:05]} Rb8 {[%emt 0:01:37]} 30. f4 {[%emt 0:00:16]} exf4 {[%emt 0:02:23]} 31. exf4 {[%emt 0:00:02]} Qf5 {[%emt 0:02:41]} 32. fxg5 {[%emt 0:00:37]} hxg5 {[%emt 0:00:11]} 33. Kh1 {[%emt 0:03:16]} Ne5 {[%emt 0:01:02]} 34. a4 {[%emt 0:01:12]} Nd3 {[%emt 0:06:20]} 35. b5 {[%emt 0:00:18]} a5 {[%emt 0:00:45]} 36. Bg3 {[%emt 0:07:13]} Nf4 {[%emt 0:04:05]} 37. Bf3 {[%emt 0:12:16]} Nxh3 {[%emt 0:03:33]} 38. Na6 {[%emt 0:00:02]} Rd8 {[%emt 0:01:43]} 39. Bxb7 {[%emt 0:00:05]} Qg4 {[%emt 0:01:37]} 40. Kh2 {[%emt 0:03:35]} Ng1 {[%emt 0:30:11]} 41. Re1 {[%emt 0:34:14]} Ne2 {[%emt 0:01:49]} 42. Rxe2 {[%emt 0:00:07]} Qh5+ {[%emt 0:00:43]} 43. Kg1 {[%emt 0:00:29]} Qxe2 {[%emt 0:00:05]} 44. Bf3 {[%emt 0:00:06]} Qe3+ {[%emt 0:00:15]} 45. Bf2 {[%emt 0:08:16]} Qc1+ {[%emt 0:00:06]} 46. Kh2 {[%emt 0:00:02]} Kg7 {[%emt 0:01:16]} 47. Bh5 {[%emt 0:01:09]} Rh8 {[%emt 0:00:11]} 48. g4 {[%emt 0:00:04]} Qc4 {[%emt 0:00:00]} 49. Nc7 {[%emt 0:00:00]} Rd8 {[%emt 0:00:00]} 50. Ne8+ {[%emt 0:00:00]} Rxe8 {[%emt 0:00:00]} 51. Bxe8 {[%emt 0:00:00]} Qe2 {[%emt 0:00:00]} 52. Kg1 {[%emt 0:00:00]} Qxe8 {[%emt 0:00:00]} 53. b7 {[%emt 0:00:00]} Qb8 {[%emt 0:00:00]} 0-1

[Event "Australian-ch 2018"]
[Site "Sydney"]
[Date "2018.01.10"]
[Round "9"]
[White "Solomon, Stephen J"]
[Black "Smirnov, Anton"]
[Result "0-1"]
[WhiteElo "2365"]
[BlackElo "2527"]
[PlyCount "80"]
[EventDate "2018.01.02"]
[EventType "tourn"]
[EventCountry "AUS"]

{[%evp 23,80,0,0,-20,3,-23,-29,-20,-29,-27,-27,-67,-63,-61,-71,-74,-83,-90,-70,-224,-222,-283,-112,-105,-105,-91,-85,-224,-246,-249,-265,-270,-270,-270,-261,-252,-247,-254,-250,-301,-282,-391,-383,-796,-786,-5681,-5622,-29971,-29973,-29978,-29979,-29980,-29981,-29981,-29982,-29982,-29983,-29984,-29984]} 1. e4 c5 2. Nf3 d6 3. d4 cxd4 4. Nxd4 Nf6 5. Nc3 a6 6. Be2 e5 7. Nb3 Be7 8. O-O O-O 9. Be3 Be6 10. Nd5 Nxd5 11. exd5 Bf5 12. c4 Nd7 13. Rc1 {B92: Sicilian Najdorf: 6 Be2} Bg5 14. Qd2 (14. Bxg5 Qxg5 15. Na5 b6 16. Nc6 Bh3 17. Bf3 f5 18. Kh1 Bg4 19. Bxg4 fxg4 20. Rc3 Rf4 {0-1 (35) Sulskis,S (2553)-Najer,E (2627) Plovdiv 2008}) 14... Bxe3 $1 15. Qxe3 {Black has an edge.} a5 {[%cal Ba6a5,Ba5a4][%mdl 32]} 16. Rc3 $146 ({Predecessor:} 16. Nd2 Nc5 17. b3 h6 18. Kh1 {0-1 (39) Plaza Pardo,D (2066)-Barria Zuniga,D (2386) Mislata 2004}) 16... Bg6 17. f4 {[#] Threatens to win with f5.} a4 18. Nd2 {Strongly threatening f5.} exf4 19. Rxf4 Re8 20. Qf2 Nc5 $36 {[%cal Bd7c5,Bc5d3,Bd3f2,Bf2d1][%mdl 2080] Hoping for ...Qb6. White is under pressure.} 21. h4 $2 {[#]} (21. Bf1 $15) 21... Qb6 $1 $19 {[%cal Rb6b2]} 22. h5 Rxe2 $2 (22... Qxb2 $19 {has better winning chances.} 23. hxg6 fxg6) 23. Qxe2 $17 Nd3+ $1 24. Rf2 Nxf2 25. hxg6 (25. Qxf2 $17 Qxb2 26. Re3 Bxh5 27. Ne4 Qc1+ 28. Qe1 Qxc4 29. Ng3) 25... Nd1+ $1 $19 26. c5 Nxc3 27. gxf7+ Kf8 28. Qe8+ Rxe8 29. fxe8=R+ Kxe8 30. cxb6 Nxd5 {[%mdl 4096] Endgame KN-KN} 31. Nc4 Kd7 32. Na5 Nxb6 33. Nxb7 $2 (33. Kf2) 33... Nc4 34. b3 Kc7 35. Nxd6 Kxd6 {Black mates.} 36. bxa4 {KN-K3P} Ke5 37. Kf2 Kf4 38. a3 h5 39. g3+ Kg4 40. Kg2 g5 {Precision: White = 10%, Black = 78%.} 0-1

[Event "Australian-ch 2018"]
[Site "Sydney"]
[Date "2018.01.10"]
[Round "9"]
[White "Kargosha, Bahman"]
[Black "Brown, Andrew"]
[Result "1-0"]
[WhiteElo "2210"]
[BlackElo "2293"]
[PlyCount "141"]
[EventDate "2018.01.02"]
[EventType "tourn"]
[EventCountry "AUS"]
[TimeControl "40/5400+30:1800+30"]

1. d4 Nf6 {[%emt 0:00:09]} 2. c4 {[%emt 0:00:00]} e6 {[%emt 0:00:05]} 3. Nc3 {[%emt 0:00:00]} Bb4 {[%emt 0:00:05]} 4. e3 {[%emt 0:00:00]} O-O {[%emt 0:01:07]} 5. Bd3 {[%emt 0:00:13]} c5 {[%emt 0:02:56]} 6. Nf3 {[%emt 0:00:13]} d5 {[%emt 0:00:55]} 7. O-O {[%emt 0:00:15]} Nc6 {[%emt 0:00:24]} 8. a3 {[%emt 0:00:11]} Bxc3 {[%emt 0:00:06]} 9. bxc3 {[%emt 0:00:06]} Qc7 {[%emt 0:01:08]} 10. Bb2 {[%emt 0:01:26]} dxc4 {[%emt 0:05:30]} 11. Bxc4 {[%emt 0:00:16]} e5 {[%emt 0:00:44]} 12. Be2 {[%emt 0:03:34]} Rd8 {[%emt 0:00:30]} 13. Qc2 {[%emt 0:00:30]} Bg4 {[%emt 0:10:30]} 14. dxe5 {[%emt 0:07:19]} Nxe5 {[%emt 0:01:39]} 15. c4 {[%emt 0:00:29]} Nxf3+ {[%emt 0:03:49]} 16. Bxf3 {[%emt 0:12:12]} Bxf3 {[%emt 0:00:46]} 17. gxf3 {[%emt 0:02:30]} Qc6 {[%emt 0:02:32]} 18. Qf5 {[%emt 0:00:30]} Qe6 {[%emt 0:11:05]} 19. Qxe6 {[%emt 0:13:30]} fxe6 {[%emt 0:00:12]} 20. Rfd1 {[%emt 0:02:41]} Nd7 {[%emt 0:05:42]} 21. Bc3 {[%emt 0:14:47]} Nb6 {[%emt 0:01:11]} 22. Rxd8+ {[%emt 0:00:11]} Rxd8 {[%emt 0:00:07]} 23. Ba5 {[%emt 0:00:08]} Rd6 {[%emt 0:01:04]} 24. Bxb6 {[%emt 0:04:15]} Rxb6 {[%emt 0:00:37]} 25. Rd1 {[%emt 0:00:07]} Ra6 {[%emt 0:01:37]} 26. Rd8+ {[%emt 0:02:37]} Kf7 {[%emt 0:00:09]} 27. Rd7+ {[%emt 0:00:04]} Kf6 {[%emt 0:00:12]} 28. Rxb7 {[%emt 0:00:10]} Ra4 {[%emt 0:20:08]} 29. Rb5 {[%emt 0:04:54]} Rxc4 {[%emt 0:00:25]} 30. Ra5 {[%emt 0:00:05]} g5 {[%emt 0:01:23]} 31. Rxa7 {[%emt 0:00:36]} h5 {[%emt 0:00:06]} 32. a4 {[%emt 0:03:03]} Ke5 {[%emt 0:05:33]} 33. a5 {[%emt 0:04:53]} Kd6 34. a6 Ra4 {[%emt 0:02:29]} 35. Ra8 {[%emt 0:18:18]} Kc6 {[%emt 0:03:21]} 36. a7 {[%emt 0:02:54]} Kb6 {[%emt 0:01:17]} 37. Rg8 {[%emt 0:01:22]} Rxa7 {[%emt 0:00:12]} 38. Rxg5 {[%emt 0:00:15]} Ra1+ {[%emt 0:03:24]} 39. Kg2 {[%emt 0:00:10]} c4 {[%emt 0:00:40]} 40. Rg8 {[%emt 0:03:54]} Kc5 {[%emt 0:01:41]} 41. f4 {[%emt 0:03:44]} c3 {[%emt 0:00:30]} 42. Kf3 {[%emt 0:00:24]} Kc4 {[%emt 0:23:09]} 43. Rc8+ {[%emt 0:07:45]} Kb3 {[%emt 0:04:46]} 44. Rb8+ {[%emt 0:02:38]} Ka3 {[%emt 0:00:49]} 45. Ra8+ {[%emt 0:06:46]} Kb2 46. Rb8+ {[%emt 0:01:59]} Kc1 {[%emt 0:00:32]} 47. e4 {[%emt 0:00:30]} c2 {[%emt 0:07:15]} 48. f5 {[%emt 0:05:27]} e5 {[%emt 0:01:51]} 49. Ke2 {[%emt 0:03:27]} Rb1 {[%emt 0:00:42]} 50. Rc8 {[%emt 0:00:06]} Rb4 {[%emt 0:03:11]} 51. Kd3 {[%emt 0:01:54]} Rd4+ {[%emt 0:02:33]} 52. Ke3 {[%emt 0:00:20]} Kb2 53. f4 {[%emt 0:01:09]} Rd8 {[%emt 0:05:36]} 54. Rxc2+ {[%emt 0:00:29]} Kxc2 {[%emt 0:00:05]} 55. fxe5 {[%emt 0:00:06]} Rd1 {[%emt 0:00:32]} 56. e6 {[%emt 0:00:22]} Re1+ {[%emt 0:00:03]} 57. Kd4 {[%emt 0:00:37]} Rd1+ {[%emt 0:00:19]} 58. Kc4 {[%emt 0:02:02]} Re1 {[%emt 0:00:22]} 59. f6 {[%emt 0:00:28]} Rxe4+ {[%emt 0:00:39]} 60. Kd5 {[%emt 0:00:03]} Kd3 {[%emt 0:00:37]} 61. f7 {[%emt 0:00:17]} Rf4 {[%emt 0:00:37]} 62. e7 {[%emt 0:01:10]} Rxf7 {[%emt 0:00:15]} 63. e8=Q {[%emt 0:00:08]} Rf5+ {[%emt 0:00:16]} 64. Ke6 {[%emt 0:00:45]} Rc5 {[%emt 0:00:22]} 65. Qg6+ {[%emt 0:00:23]} Kd4 {[%emt 0:00:26]} 66. Qg1+ {[%emt 0:00:22]} Kc4 {[%emt 0:00:05]} 67. Qe3 {[%emt 0:00:45]} Rb5 {[%emt 0:00:49]} 68. Qe2+ {[%emt 0:00:21]} Kb4 {[%emt 0:00:05]} 69. h4 {[%emt 0:00:36]} Rc5 {[%emt 0:00:30]} 70. Kf6 {[%emt 0:00:30]} Kc3 {[%emt 0:00:30]} 71. Kg6 {[%emt 0:00:30]} 1-0

[Event "Australian-ch 2018"]
[Site "Sydney"]
[Date "2018.01.10"]
[Round "9"]
[White "Yang, Ray"]
[Black "Zhang, Jilin"]
[Result "1/2-1/2"]
[WhiteElo "2003"]
[BlackElo "2267"]
[PlyCount "141"]
[EventDate "2018.01.02"]
[EventType "tourn"]
[EventCountry "AUS"]
[TimeControl "40/5400+30:1800+30"]

1. d4 {[%emt 0:00:00]} Nf6 {[%emt 0:02:37]} 2. c4 {[%emt 0:00:48]} c5 {[%emt 0:00:10]} 3. d5 {[%emt 0:00:08]} b5 {[%emt 0:00:09]} 4. Qc2 {[%emt 0:00:49]} e6 {[%emt 0:07:10]} 5. e4 {[%emt 0:00:55]} bxc4 {[%emt 0:02:41]} 6. Bxc4 {[%emt 0:00:25]} exd5 {[%emt 0:03:13]} 7. exd5 {[%emt 0:00:15]} d6 {[%emt 0:00:09]} 8. Ne2 {[%emt 0:04:08]} Nbd7 {[%emt 0:08:53]} 9. Nec3 {[%emt 0:22:41]} Be7 {[%emt 0:04:56]} 10. O-O {[%emt 0:02:22]} O-O {[%emt 0:00:22]} 11. Be2 {[%emt 0:08:02]} Bb7 {[%emt 0:05:49]} 12. Rd1 {[%emt 0:00:22]} Re8 {[%emt 0:02:22]} 13. Na3 {[%emt 0:01:59]} Nb6 {[%emt 0:08:36]} 14. Bf3 {[%emt 0:00:08]} h6 {[%emt 0:05:18]} 15. b3 {[%emt 0:15:20]} Ba6 {[%emt 0:06:13]} 16. Nab5 {[%emt 0:00:34]} Nh7 {[%emt 0:12:44]} 17. Bb2 {[%emt 0:03:16]} Bf6 {[%emt 0:01:15]} 18. a4 {[%emt 0:03:54]} Be5 {[%emt 0:01:26]} 19. Ne4 {[%emt 0:08:15]} Bxb5 {[%emt 0:05:39]} 20. axb5 {[%emt 0:00:11]} Nf6 {[%emt 0:04:07]} 21. Bxe5 {[%emt 0:09:10]} Rxe5 {[%emt 0:00:05]} 22. Nd2 {[%emt 0:01:13]} Qd7 {[%emt 0:04:51]} 23. Nc4 {[%emt 0:01:07]} Ree8 {[%emt 0:00:02]} 24. g3 {[%emt 0:02:10]} Rab8 {[%emt 0:01:34]} 25. Na5 {[%emt 0:02:58]} Nc8 {[%emt 0:05:04]} 26. Be2 {[%emt 0:00:40]} Qh3 {[%emt 0:00:22]} 27. Nc6 {[%emt 0:02:45]} Rb7 {[%emt 0:00:33]} 28. Bf1 {[%emt 0:01:30]} Qh5 {[%emt 0:00:02]} 29. Bg2 {[%emt 0:03:03]} Rxb5 {[%emt 0:00:52]} 30. Nxa7 {[%emt 0:01:43]} Nxa7 {[%emt 0:03:27]} 31. Rxa7 {[%emt 0:00:03]} Reb8 {[%emt 0:00:19]} 32. Rd3 {[%emt 0:01:06]} Ng4 {[%emt 0:02:20]} 33. h3 {[%emt 0:00:12]} Ne5 {[%emt 0:00:03]} 34. Re3 {[%emt 0:00:54]} c4 {[%emt 0:00:13]} 35. g4 {[%emt 0:00:31]} Qh4 {[%emt 0:01:16]} 36. bxc4 {[%emt 0:01:18]} Rb1+ {[%emt 0:01:07]} 37. Bf1 {[%emt 0:00:06]} h5 {[%emt 0:00:47]} 38. Qf5 {[%emt 0:02:26]} Qf6 {[%emt 0:01:55]} 39. Qxf6 {[%emt 0:00:29]} gxf6 {[%emt 0:00:00]} 40. Kg2 {[%emt 0:00:45]} hxg4 {[%emt 0:30:43]} 41. hxg4 {[%emt 0:30:06]} Rc1 {[%emt 0:00:00]} 42. Ra6 {[%emt 0:00:00]} Nxc4 {[%emt 0:00:00]} 43. Bxc4 {[%emt 0:00:00]} Rxc4 {[%emt 0:00:00]} 44. Rxd6 {[%emt 0:00:00]} Rxg4+ {[%emt 0:00:00]} 45. Kf3 {[%emt 0:00:00]} Rd4 {[%emt 0:00:00]} 46. Re4 {[%emt 0:00:00]} Rd2 {[%emt 0:00:00]} 47. Rf4 {[%emt 0:00:00]} Kg7 {[%emt 0:00:00]} 48. Rdxf6 {[%emt 0:00:00]} Rxd5 {[%emt 0:00:00]} 49. Rxf7+ {[%emt 0:00:00]} Kg6 {[%emt 0:00:00]} 50. Ra7 {[%emt 0:00:00]} Rf5 {[%emt 0:00:00]} 51. Ra6+ {[%emt 0:00:00]} Kg5 {[%emt 0:00:00]} 52. Rxf5+ {[%emt 0:00:00]} Kxf5 {[%emt 0:00:00]} 53. Ra5+ {[%emt 0:00:00]} Kf6 {[%emt 0:00:00]} 54. Kg4 {[%emt 0:00:00]} Rb6 {[%emt 0:00:00]} 55. Rf5+ {[%emt 0:00:00]} Kg6 {[%emt 0:00:00]} 56. Rg5+ {[%emt 0:00:00]} Kf6 {[%emt 0:00:00]} 57. Rh5 {[%emt 0:00:00]} Kg6 {[%emt 0:00:00]} 58. f4 {[%emt 0:00:00]} Ra6 {[%emt 0:00:00]} 59. f5+ {[%emt 0:00:00]} Kg7 {[%emt 0:00:00]} 60. Kg5 {[%emt 0:00:00]} Rb6 {[%emt 0:00:00]} 61. Rh4 {[%emt 0:00:00]} Ra6 {[%emt 0:00:00]} 62. Re4 {[%emt 0:00:00]} Kf7 {[%emt 0:00:00]} 63. Re5 {[%emt 0:00:00]} Rb6 {[%emt 0:00:00]} 64. Ra5 {[%emt 0:00:00]} Rc6 {[%emt 0:00:00]} 65. Ra7+ {[%emt 0:00:00]} Kf8 {[%emt 0:00:00]} 66. f6 {[%emt 0:00:00]} Rc1 {[%emt 0:00:00]} 67. Kf5 {[%emt 0:00:00]} Rf1+ {[%emt 0:00:00]} 68. Kg5 {[%emt 0:00:00]} Rg1+ {[%emt 0:00:00]} 69. Kf5 {[%emt 0:00:00]} Rf1+ {[%emt 0:00:00]} 70. Kg5 {[%emt 0:00:00]} Rg1+ {[%emt 0:00:00]} 71. Kf5 {[%emt 0:00:00]} 1/2-1/2

[Event "Australian-ch 2018"]
[Site "Sydney"]
[Date "2018.01.10"]
[Round "9.9"]
[White "Puccini, Jack"]
[Black "Nakauchi, Gene"]
[Result "0-1"]
[WhiteElo "2278"]
[BlackElo "2208"]
[PlyCount "82"]
[EventDate "2018.01.02"]
[EventType "tourn"]
[EventCountry "AUS"]
[TimeControl "40/5400+30:1800+30"]

1. e4 c5 2. d4 cxd4 3. c3 dxc3 4. Nxc3 a6 5. Bc4 e6 6. Nf3 Ne7 7. Be3 Ng6 8. O-O d6 9. Qb3 Be7 10. Bb6 Qd7 11. Nd4 Nc6 12. Rad1 Nxd4 13. Rxd4 O-O 14. f4 Kh8 15. g3 e5 16. Rd3 exf4 17. gxf4 Bh4 18. Nd5 Qg4+ 19. Kh1 f5 20. Qc3 fxe4 21. Bd4 Rg8 22. Re3 Be6 23. Rxe4 Rac8 24. Qd3 Rxc4 25. Qxc4 Ne7 26. Rxe6 Qxe6 27. Ne3 Qe4+ 28. Kg1 Nc6 29. Bb6 Qg6+ 30. Kh1 Re8 31. f5 Qh5 32. Qf4 Bf6 33. Qxd6 Bxb2 34. Qg3 Be5 35. Qg2 Nd4 36. Ng4 Nxf5 37. Nxe5 Rxe5 38. Bd4 Re7 39. Qf2 Nh6 40. Qf8+ Ng8 41. Qd8 Qg4 0-1

[Event "Australian-ch 2018"]
[Site "Sydney"]
[Date "2018.01.10"]
[Round "9.11"]
[White "Ferozkohi, Ihsan"]
[Black "Huynh, Arthur"]
[Result "1/2-1/2"]
[WhiteElo "2130"]
[BlackElo "2042"]
[PlyCount "153"]
[EventDate "2018.01.02"]
[EventType "tourn"]
[EventCountry "AUS"]
[TimeControl "40/5400+30:1800+30"]

1. d4 Nf6 2. c4 e6 3. Nf3 b6 4. g3 Ba6 5. Qc2 c5 6. Bg2 Bb7 7. dxc5 bxc5 8. O-O Be7 9. Nc3 O-O 10. Rd1 d6 11. Qb3 Qc8 12. Bf4 Rd8 13. Rd2 Nh5 14. Be3 Nd7 15. Rad1 Rb8 16. Qc2 a6 17. Ng5 Nf8 18. Nge4 Qc7 19. b3 f5 20. Ng5 Bxg2 21. Kxg2 h6 22. Nxe6 Nxe6 23. Qxf5 Ng5 24. h4 Qb7+ 25. Nd5 Rf8 26. Qg6 Nxg3 27. Kxg3 Nf7 28. Bf4 Rbe8 29. f3 Bd8 30. e4 Qd7 31. Ne3 Re6 32. Qg4 Kh7 33. Kh2 g6 34. Kg2 Rg8 35. Kf2 Qe7 36. Bg3 Rf8 37. Nd5 Qe8 38. Nf4 Rf6 39. Nd5 Rxf3+ 40. Kg2 Ne5 41. Bxe5 Qxe5 42. Qxf3 Rxf3 43. Kxf3 Bxh4 44. Rg2 Qh5+ (44... Bg5) 45. Rg4 Bg5 46. Kg3 Kg7 47. Rf1 Bd8 48. Nf4 Qe5 49. Rxg6+ Kh7 50. Re6 Qc3+ 51. Kg4 Qd2 52. Rf3 Bg5 53. Nh5 Qg2+ 54. Rg3 Qxa2 55. Rxd6 Qe2+ 56. Rf3 Qxe4+ 57. Nf4 h5+ 58. Kxg5 Qe5+ 59. Kh4 Qxd6 60. Kxh5 Qd1 61. Kg4 Kg8 62. Nd5 a5 63. Kg3 Kg7 64. Kg4 Kh6 65. Kg3 Kg5 66. Rf5+ Kxf5 67. Ne3+ Ke4 68. Nxd1 Kd3 69. Nb2+ Kc3 70. Na4+ Kxb3 71. Nxc5+ Kxc4 72. Na4 Kb5 73. Nb2 Kb4 74. Kf3 Kb3 75. Nd3 Kc3 76. Nc5 Kc4 77. Ke3 1/2-1/2

[Event "Australian-ch 2018"]
[Site "Sydney"]
[Date "2018.01.10"]
[Round "9.12"]
[White "O'Connell, Kevin J"]
[Black "Leaver, Kyle"]
[Result "1-0"]
[WhiteElo "2328"]
[BlackElo "1973"]
[PlyCount "115"]
[EventDate "2018.01.02"]
[EventType "tourn"]
[EventCountry "AUS"]
[TimeControl "40/5400+30:1800+30"]

1. e4 e6 2. d4 d5 3. Nc3 Nf6 4. Bg5 Bb4 5. e5 h6 6. Bd2 Bxc3 7. bxc3 Ne4 8. Qg4 Kf8 9. h4 c5 10. Bd3 Nxd2 11. Kxd2 Nc6 12. Rh3 c4 13. Be2 b5 14. Rg3 Rh7 15. Qf4 Bd7 16. Bh5 Be8 17. Rf3 Qe7 18. a3 Kg8 19. Ne2 a5 20. Rh3 Rb8 21. Qe3 b4 22. axb4 axb4 23. cxb4 Qxb4+ 24. Qc3 Qxc3+ 25. Rxc3 f5 26. Bxe8 Rxe8 27. h5 Rh8 28. Ra6 Rc8 29. Rg3 Kf7 30. Nf4 Rhe8 31. Rg6 Re7 32. c3 Nd8 33. g4 fxg4 34. Rxg4 Rb8 35. Ng6 Re8 36. Kc2 Rb7 37. Rg1 Kg8 38. Ra8 Kf7 39. Rc8 Rb6 40. Rc7+ Kg8 41. Ne7+ Kh8 42. Rxg7 Kxg7 43. Nxd5+ Kh8 44. Nxb6 Rf8 45. Nxc4 Rxf2+ 46. Kb3 Nf7 47. Nd6 Ng5 48. Ne8 Kg8 49. Nf6+ Kf8 50. Nh7+ Ke8 51. Nxg5 hxg5 52. h6 Rh2 53. h7 Kf8 54. Kc4 Rh3 55. Rc8+ Kg7 56. h8=Q+ Rxh8 57. Rxh8 Kxh8 58. Kd3 1-0

[Event "Australian-ch 2018"]
[Site "Sydney"]
[Date "2018.01.10"]
[Round "9.13"]
[White "Asaka, Samuel"]
[Black "Hardegen, Andrew"]
[Result "1-0"]
[WhiteElo "1959"]
[BlackElo "1999"]
[PlyCount "85"]
[EventDate "2018.01.02"]
[EventType "tourn"]
[EventCountry "AUS"]
[TimeControl "40/5400+30:1800+30"]

1. d4 d5 2. c4 c6 3. cxd5 cxd5 4. Bf4 Nc6 5. e3 Nf6 6. Nc3 Bg4 7. Qb3 Na5 8. Qa4+ Bd7 9. Qc2 Rc8 10. Bd3 b5 11. a3 e6 12. Nf3 Nc4 13. O-O Be7 14. h3 O-O 15. Ne5 h6 16. Qe2 a6 17. Rfc1 Qa5 18. a4 b4 19. Nd1 Nxe5 20. dxe5 Ne4 21. b3 Rxc1 22. Rxc1 Rc8 23. Rb1 Rc6 24. Qg4 Kf8 25. f3 Nc3 26. Ra1 Nxd1 27. Rxd1 Rc3 28. Bh7 g5 29. h4 Qc5 30. Rd4 Rxb3 31. hxg5 hxg5 32. Bxg5 Bxg5 33. Qxg5 Qc1+ 34. Kh2 Qxe3 35. Qd8+ Be8 36. Qd6+ Kg7 37. Rg4+ Kxh7 38. Rh4+ Kg7 39. Rg4+ Kh7 40. Rh4+ Kg7 {Black offered a draw.} 41. Qe7 Qxe5+ 42. f4 Qa1 43. Rg4+ 1-0

[Event "Australian-ch 2018"]
[Site "Sydney"]
[Date "2018.01.10"]
[Round "9.14"]
[White "Reilly, Tim"]
[Black "Parle, Hughston"]
[Result "1-0"]
[WhiteElo "2169"]
[BlackElo "1961"]
[PlyCount "77"]
[EventDate "2018.01.02"]
[EventType "tourn"]
[EventCountry "AUS"]
[TimeControl "40/5400+30:1800+30"]

1. d4 Nf6 2. c4 g6 3. Nc3 d5 4. Nf3 Bg7 5. Qb3 dxc4 6. Qxc4 O-O 7. e4 a6 8. Be2 b5 9. Qb3 c5 10. dxc5 Bb7 11. e5 Nfd7 12. Be3 Nxe5 13. Nxe5 Bxe5 14. O-O e6 15. a4 b4 16. Qxb4 Qe7 17. Rac1 Nc6 18. Qc4 Rad8 19. b4 Nd4 20. b5 Bd5 21. Nxd5 Rxd5 22. f4 Nf5 23. Bf2 Rd4 24. Bxd4 Bxd4+ 25. Kh1 Qh4 26. Rf3 Bf2 27. Rh3 Qf6 28. c6 axb5 29. axb5 Ne3 30. Qc3 Qxc3 31. Rxc3 Nd5 32. Rcf3 Bc5 33. g4 Ra8 34. Rf1 Bb6 35. Rd3 Ra2 36. Bf3 Nxf4 37. Rd7 Kg7 38. c7 Rc2 39. Bc6 1-0